01120cam a2200217 a 450000100100000000500170001000800410002704000300006808200210009810000350011924500760015426001600023030000200039050001770041050400500058765100540063760000380069191000340072995201240076399900150088700000573720200929151750.0800213s1978 cu b f001 0 spa  aDO-SdBNPbspacDLCdBNPHU a972.91061bA284r1 aAguirre, Sergio,d1914-91622910aRaíces y significación de la Protesta de Baragua /cSergio Aguirre. aLa Habana, Cuba :bEditora Política,bPolítica. Departamento de Orientación Revolucionaria del Comité Central del Partido Comunista de Cuba,c1978. a99 p. ;c19 cm. aA la cabeza del título: Instituto de Historia del Movimiento Comunista y de la Revolución Socialista de Cuba, adjunto al Comité Central del Partido Comunista de Cuba. aIncluye referencias bibliográficas : p. 98. 4aCubaxHistoriayINSURRECCIÓN, 1868-1878.91623014aMACEO, ANTONIO,d1845-1896.95593 aCatalogación por copia / LC 001054708MOaGRbGRcCTd2009-08-21iLF1l0o972.91061 A284rp5737-10r2020-06-25w2020-06-25y4ZPréstamo en sala c5533d5533